000 00338nab a22001097u 4500
008 130520b1988 xxu||||| |||| 00| 0 spa d
041 _aspa
100 1 _aBach, U.
_967437
245 0 0 _a¡Pero en tu palabra...! En defensa de una Iglesia tradicional
_cU. Bach
773 0 _tConcilium
_gV.2,1988,págs.149-159
_x0210-1041
_wRev134
942 _cAR
999 _c355396
_d355396